00937nas a22002417a 4500999001700000005001700017007001200034008004100046022001400087040000900101082001500110210002000125245005800145260002000203300001600223310001400239365001600253500027400269650005400543655002000597856004900617942002900666 c40804d4080420200520112239.0cz aa aaaaa200428c q||poo|||| 00| 0 eng d a2515-7639 coclc a530bJOU/P aJPhys Materials aJournal of Physics Materialshe-Journal (Open Access) bIOP Publishing, aPDF(online) aQuarterly eOpen Access aJPhys Materials is a new open access journal highlighting the most significant and exciting advances in materials science. The journal brings together scientists from a range of disciplines, with a particular focus on interdisciplinary and multidisciplinary research.  092317aNatural sciences & mathematicsvPhysics 092257ae-Journal uhttps://iopscience.iop.org/journal/2515-7639 2ddccEJh530k530mJOU/P